Normal view
MARC view
- Jinnah, Muhammad Ali,1876-1948 -- Addresses, Essays, Lectures, Etc
Entry Topical Term
001 - CONTROL NUMBER
- control field: 46501
003 - CONTROL NUMBER IDENTIFIER
- control field: NUST
005 - DATE AND TIME OF LATEST TRANSACTION
- control field: 20210314133535.0
008 - FIXED-LENGTH DATA ELEMENTS
- fixed length control field: 210314|| aca||aabn | a|a d
040 ## - CATALOGING SOURCE
- Original cataloging agency: NUST
- Transcribing agency: NUST
150 ## - HEADING--TOPICAL TERM
- Topical term or geographic name entry element: Jinnah, Muhammad Ali,1876-1948 -- Addresses, Essays, Lectures, Etc
670 ## - SOURCE DATA FOUND
- Source citation: Work cat.: (NUST): Waheed Ahmed 46500, The Nation's Voice., 2003.
